Statystyki dla Najpopularniejsze modele samochodów w Polsce

Kliknij tutaj aby rozwiązać quiz!

Ogólne statystyki

  • Ten quiz został rozwiązany 704 razy
  • Średni wynik to 13 z 50

Statystyki odpowiedzi

L.PModelIlość Egzemplarzy% Poprawnych
20Volkswagen Passat3 618
78%
7Volkswagen Golf6 813
76%
6Opel Astra6 822
71%
1Skoda Octavia10 334
63%
2Skoda Fabia9 269
61%
5Toyota Yaris7 155
55%
29Volkswagen Polo2 345
52%
11Ford Focus4 678
51%
17Opel Corsa3 842
51%
4Toyota Corolla7 887
45%
39Ford Fiesta1 989
42%
8Renault Clio4 890
41%
49Honda Civic1 532
40%
27Seat Leon2 525
37%
23Renault Megane3 300
36%
31Citroen C32 254
30%
3Dacia Duster7 942
30%
25Hyundai i302 839
30%
18Skoda Superb3 711
30%
19Kia Ceed3 625
27%
37Opel Insignia2 029
27%
9Toyota Auris4 878
24%
34Hyundai i202 190
22%
10Fiat Tipo4 862
21%
22Kia Sportage3 401
21%
48Mazda 61 611
21%
24Toyota RAV43 191
19%
16Dacia Sandero3 909
17%
21Nissan Qashqai3 604
15%
44Peugeot 3081 704
15%
12Skoda Rapid4 585
15%
32Toyota Aygo2 212
15%
13Volkswagen Tiguan4 037
14%
15Hyundai Tucson4 020
13%
42BMW Serii 31 783
11%
45Ford Kuga1 692
11%
40Renault Captur1 869
9%
30Skoda Kodiaq2 261
9%
50Skoda Citigo1 530
8%
14Toyota C-HR4 026
8%
28Volvo XC602 407
8%
43Mazda CX-51 710
7%
26Skoda Karoq2 635
7%
33Mazda CX-32 195
6%
46Renault Kadjar1 662
6%
41Suzuki Vitara1 836
6%
38Volkswagen T-Roc2 017
6%
35Dacia Lodgy2 121
4%
47Volkswagen Caddy1 621
4%
36Dacia Dokker2 097
3%

Rozkład punktacji

Percentyl według liczby udzielonych odpowiedzi

Procent ludzi z każdym wynikiem

Twoja historia wyników

Nie rozwiązałeś tego quizu